[Event "Vladimir Petrov Mem 2015"]
[Site "Jurmala LAT"]
[Date "2015.03.08"]
[Round "6.6"]
[White "Ehlvest, Jaan"]
[Black "Lysyj, Igor"]
[Result "0-1"]
[WhiteTitle "GM"]
[BlackTitle "GM"]
[WhiteElo "2547"]
[BlackElo "2691"]
[WhiteFideId "4500016"]
[BlackFideId "4150120"]
[EventDate "2015.03.07"]

1. e4 e5 2. Nf3 Nc6 3. d3 Nf6 4. g3 Bc5 5. Bg2 d6 6. c3 O-O 7. O-O a6 8. Nbd2
Ba7 9. a4 Ne7 10. a5 Ng6 11. h3 Re8 12. Qc2 c6 13. Re1 d5 14. Nf1 h6 15. Be3
Bxe3 16. Rxe3 Qc7 17. Ree1 Be6 18. Ne3 Rad8 19. Kh2 Nd7 20. b4 Nf6 21. c4 d4 22.
Nf1 c5 23. Reb1 cxb4 24. Rxb4 Nd7 25. N1d2 Ne7 26. Nb3 Nc6 27. Rba4 Ra8 28. Nfd2
b6 29. axb6 Qxb6 30. Qd1 Reb8 31. f4 Nf6 32. Na5 Ne7 33. R4a2 Bc8 34. Nf3 exf4
35. gxf4 Ng6 36. Qd2 Qc7 37. e5 Nh5 38. Nxd4 Nhxf4 39. Nac6 Bb7 40. Be4 Re8 41.
Rg1 Nxe5 42. Nxe5 Qxe5 43. Bxb7 Ne2+ 44. Kg2 Qg3+ 0-1

[Event "Vladimir Petrov Mem 2015"]
[Site "Jurmala LAT"]
[Date "2015.03.08"]
[Round "6.7"]
[White "Ladva, Ottomar"]
[Black "Sakaev, Konstantin"]
[Result "0-1"]
[WhiteTitle "IM"]
[BlackTitle "GM"]
[WhiteElo "2410"]
[BlackElo "2594"]
[WhiteFideId "4500024"]
[BlackFideId "4104226"]
[EventDate "2015.03.07"]

1. d4 Nf6 2. c4 e6 3. Nc3 Bb4 4. e3 O-O 5. Ne2 d5 6. a3 Be7 7. cxd5 exd5 8. Nf4
c6 9. Bd3 Na6 10. O-O Nc7 11. Bc2 Ne6 12. f3 Nxf4 13. exf4 Ne8 14. f5 Nd6 15. g4
Re8 16. Bf4 Bg5 17. Qd2 Nc4 18. Bxg5 Nxd2 19. Bxd8 Rxd8 20. Rf2 Nc4 21. Bd3 Nd6
22. Ne2 Bd7 23. Nf4 Re8 24. Re2 Rxe2 25. Bxe2 f6 26. Kf2 Kf7 27. Bd3 a5 28. Re1
Re8 29. Rxe8 Kxe8 30. Ke3 Ke7 31. h4 Kf7 32. Kd2 Ke7 33. a4 b6 34. Kc3 Ne8 35.
b4 axb4+ 36. Kxb4 Kd6 37. Bc2 h6 38. Nd3 Nc7 39. Nf4 Be8 40. Kc3 Bf7 41. Nd3 c5
42. Nf4 Na6 43. Bd3 Nc7 44. Bb1 Kc6 45. Bc2 Kd6 46. Bb1 b5 47. dxc5+ Kxc5 48.
Nd3+ Kb6 49. axb5 Nxb5+ 50. Kd2 Kc6 51. Ba2 Kd6 52. Bb3 Nd4 53. Bd1 Nc6 54. f4
d4 55. Ba4 Na5 56. Bb5 Nc4+ 57. Ke2 Ne3 58. g5 Bh5+ 59. Kf2 Nxf5 60. gxh6 gxh6
61. Ne1 Nxh4 62. Bd3 Bg6 63. Bb5 Kd5 64. Kg3 Nf5+ 65. Kg4 Ne3+ 66. Kg3 Be4 67.
Ba6 Kc5 68. Kh4 Bg6 69. Be2 Kb4 70. Bd3 Bxd3 71. Nxd3+ Kc3 72. Nf2 f5 73. Kh5
Kd2 74. Kxh6 Ke2 0-1